LIBRARY & INFORMATION CENTRE, KCAET, TAVANUR

ONLINE PUBLIC ACCESS CATALOGUE (OPAC)

Energy conservation in India / (Record no. 13037)

MARC details
000 -LEADER
fixed length control field 00408cam a2200157ua 4500
003 - CONTROL NUMBER IDENTIFIER
control field OSt
008 - FIXED-LENGTH DATA ELEMENTS--GENERAL INFORMATION
fixed length control field 241101b |||||||| |||| 00| 0 eng d
041 ## - LANGUAGE CODE
Language code of text/sound track or separate title eng
082 ## - DEWEY DECIMAL CLASSIFICATION NUMBER
Classification number 621.47
Item number RAI/EN
100 ## - MAIN ENTRY--AUTHOR NAME
Personal name Raikhy, P.S .
245 ## - TITLE STATEMENT
Title Energy conservation in India /
260 ## - PUBLICATION, DISTRIBUTION, ETC. (IMPRINT)
Place of publication Mumbai :
Name of publisher Allied Publishers Pvt Ltd ,
Year of publication 1985.
300 ## - PHYSICAL DESCRIPTION
Number of Pages ;
Accompanying material `.
700 1# - ADDED ENTRY--PERSONAL NAME
Personal name Parmindher, Singh .
942 ## - ADDED ENTRY ELEMENTS (KOHA)
Koha item type Books
Holdings
Withdrawn status Lost status Damaged status Home library Current library Shelving location Date acquired Full call number Accession Number Koha item type
      KAUAET KAUAET Shelf- 7A 07/04/2012 621.47 RAI/EN 19742 Books
free website counter